Greek Cities by Greek Name Quiz - Statistics

General Stats
  • This quiz has been taken 113 times
  • The average score is 7 of 10
Answer Stats
Greek Name City % Correct
Αθήνα Athens
100%
Θεσσαλονίκη Thessaloniki
94%
Ηράκλειο Heraklion
77%
Λάρισα Larissa
74%
Καλλιθέα Kallithea
69%
Περιστέρι Peristeri
69%
Καλαμαριά Kalamaria
68%
Πάτρα Patras
63%
Αχαρνές Acharnes
51%
Πειραιάς Piraeus
47%
No matching quizzes found
Score Distribution
Percent of People with Each Score
Percentile by Number Answered
Your Score History
You have not taken this quiz